[Event "Titled Tuesday intern op 16th Apr Early"]
[Site "Chess.com INT"]
[Date "2024.04.16"]
[Round "7"]
[White "Salem, AR Saleh"]
[Black "Svane, Frederik"]
[Result "0-1"]
[WhiteElo "2629"]
[BlackElo "2627"]
[PlyCount "68"]
[EventDate "2024.04.16"]
[EventType "swiss (blitz)"]
[EventRounds "11"]
[EventCountry "USA"]
[SourceTitle "CB17_2024"]
[SourceDate "2024.04.24"]
[SourceVersion "1"]
[SourceVersionDate "2024.04.24"]
[SourceQuality "1"]

1. d4 Nf6 2. Nf3 e6 3. e3 b6 4. Bd3 Bb7 5. 0-0 Be7 6. c4 0-0 7. Nc3 d5 8. cxd5 exd5 9. a3 Nbd7 10. b4 c6 11. Qb3 Bd6 12. Re1 Re8 13. e4 dxe4 14. Nxe4 Nxe4 15. Bxe4 Nf6 16. Bg5 h6 17. Bg6 Rf8 18. Bh4 Bc8 19. Rac1 Be6 20. Rxe6 fxe6 21. Ne5 Bxe5 22. dxe5 Qd5 23. Qg3 Nd7 24. Re1 Qd2 25. Rf1 Qf4 26. Qc3 Qxh4 27. Qxc6 Qe7 28. f4 Rac8 29. Qb7 Rfd8 30. Rd1 Qf8 31. g3 Nxe5 32. Rxd8 Rxd8 33. fxe5 Rd1+ 34. Kg2 Qf1# 0-1

[Event "Titled Tuesday intern op 16th Apr Early"]
[Site "Chess.com INT"]
[Date "2024.04.16"]
[Round "1"]
[White "Svane, Frederik"]
[Black "Matta, Nicholas F"]
[Result "1-0"]
[WhiteElo "2627"]
[BlackElo "2286"]
[PlyCount "73"]
[EventDate "2024.04.16"]
[EventType "swiss (blitz)"]
[EventRounds "11"]
[EventCountry "USA"]
[SourceTitle "CB17_2024"]
[SourceDate "2024.04.24"]
[SourceVersion "1"]
[SourceVersionDate "2024.04.24"]
[SourceQuality "1"]

1. c4 e6 2. g3 d5 3. Bg2 Nf6 4. Nf3 dxc4 5. Qa4+ c6 6. Qxc4 b5 7. Qb3 Bb7 8. d4 Nbd7 9. 0-0 a6 10. Ne5 Nxe5 11. dxe5 Nd7 12. Rd1 Qc7 13. Nc3 Be7 14. Bf4 0-0 15. Ne4 c5 16. Nf6+ gxf6 17. exf6 e5 18. fxe7 Rfe8 19. Bxb7 Qxb7 20. Bg5 c4 21. Qe3 f6 22. Rd6 Kf7 23. Bh4 Rxe7 24. Qh6 Kg8 25. Rad1 Rf8 26. Bxf6 Nxf6 27. Rxf6 Rxf6 28. Qxf6 Re8 29. Rd6 Qf7 30. Qxf7+ Kxf7 31. Rxa6 Rd8 32. Rb6 Rd5 33. e3 e4 34. Kg2 Ke7 35. a4 bxa4 36. Rb4 Rd2 37. Rxc4 1-0

[Event "Mitropa Cup"]
[Site "Apolda"]
[Date "2024.02.23"]
[Round "9.20"]
[White "Svane, Frederik"]
[Black "Nemec, Jachym"]
[Result "1-0"]
[WhiteElo "2618"]
[BlackElo "2396"]
[PlyCount "87"]
[EventDate "2024.02.15"]
[EventType "team-tourn"]
[EventRounds "9"]
[EventCountry "GER"]
[SourceTitle "CB09_2024"]
[SourceDate "2024.02.28"]
[SourceVersion "1"]
[SourceVersionDate "2024.02.28"]
[SourceQuality "1"]
[WhiteTeam "Germany"]
[BlackTeam "Czech Republic"]
[WhiteTeamCountry "GER"]
[BlackTeamCountry "CZE"]

1. e4 c6 2. Nf3 d5 3. Nc3 Bg4 4. Be2 e6 5. h3 Bxf3 6. Bxf3 Nf6 7. d3 Bb4 8. 0-0 Bxc3 9. bxc3 dxe4 10. dxe4 Qxd1 11. Rxd1 Nbd7 12. Bf4 0-0-0 13. Bd6 Nb6 14. Rd4 Rd7 15. a4 Rhd8 16. e5 Ne8 17. Bc5 Nd5 18. Bxa7 Nxc3 19. Rc4 Nd5 20. a5 Nec7 21. Rh4 h6 22. Bb6 Re8 23. g3 Na6 24. Kg2 Ndb4 25. Rc4 Nd5 26. h4 g6 27. Ra3 h5 28. Be2 Nb8 29. Rf3 Nxb6 30. axb6 Rd2 31. Rxf7 Nd7 32. Re4 Rxc2 33. Rg7 Nxb6 34. Rxg6 Nd5 35. Bxh5 b5 36. Bg4 Kd7 37. h5 b4 38. h6 b3 39. Rg7+ Kd8 40. h7 b2 41. Rg8 b1Q 42. Rxe8+ Kxe8 43. h8Q+ Ke7 44. Qg7+ 1-0

[Event "Mitropa Cup"]
[Site "Apolda"]
[Date "2024.02.21"]
[Round "7.20"]
[White "Karacsonyi, Gellert"]
[Black "Svane, Frederik"]
[Result "0-1"]
[WhiteElo "2389"]
[BlackElo "2618"]
[PlyCount "74"]
[EventDate "2024.02.15"]
[EventType "team-tourn"]
[EventRounds "9"]
[EventCountry "GER"]
[SourceTitle "CB09_2024"]
[SourceDate "2024.02.28"]
[SourceVersion "1"]
[SourceVersionDate "2024.02.28"]
[SourceQuality "1"]
[WhiteTeam "Hungary"]
[BlackTeam "Germany"]
[WhiteTeamCountry "HUN"]
[BlackTeamCountry "GER"]

1. e4 e6 2. d4 d5 3. e5 c5 4. c3 Nc6 5. Nf3 Bd7 6. Be2 Nge7 7. 0-0 Nf5 8. dxc5 Bxc5 9. Nbd2 0-0 10. c4 Bb6 11. Bd3 Nfd4 12. Nxd4 Nxd4 13. Qh5 g6 14. Qh6 Bc6 15. Nb3 dxc4 16. Bxc4 Nf5 17. Qg5 a5 18. Qxd8 Rfxd8 19. Bg5 Rdc8 20. Nd2 Bd4 21. Bf6 Bxb2 22. Rab1 Bc3 23. Rfd1 Ng7 24. f4 Nh5 25. Bg5 Kg7 26. g3 f6 27. exf6+ Nxf6 28. Bxe6 Re8 29. Bxf6+ Kxf6 30. Bc4 Rad8 31. Nb3 a4 32. Na1 b5 33. Be2 Rxd1+ 34. Bxd1 Be4 35. Nc2 Rd8 36. Rc1 Bb2 37. Rb1 a3 0-1

[Event "BCF-chT 2324 (4NCL)"]
[Site "England"]
[Date "2024.02.10"]
[Round "5.1"]
[White "MacFarlane, Donald"]
[Black "Svane, Frederik"]
[Result "0-1"]
[WhiteElo "2189"]
[BlackElo "2618"]
[PlyCount "112"]
[EventDate "2023.11.11"]
[EventType "team-tourn"]
[EventRounds "11"]
[EventCountry "ENG"]
[SourceTitle "CB11_2024"]
[SourceDate "2024.03.13"]
[SourceVersion "1"]
[SourceVersionDate "2024.03.13"]
[SourceQuality "1"]
[WhiteTeam "Oxford"]
[BlackTeam "Manx Liberty"]
[WhiteTeamCountry "ENG"]
[BlackTeamCountry "ENG"]

1. c4 e5 2. Nc3 Nc6 3. Nf3 Nf6 4. e3 Bb4 5. Qc2 Bxc3 6. Qxc3 Qe7 7. d3 d5 8. cxd5 Nxd5 9. Qc2 Ndb4 10. Qc3 Nd4 11. Nxd4 exd4 12. Qd2 Qc5 13. exd4 Nc2+ 14. Kd1 Nxd4 15. Qc3 Qh5+ 16. f3 Qe5 17. b4 Bd7 18. a4 0-0-0 19. Qc5 Qxc5 20. bxc5 Nb3 21. Ra3 Nxc5 22. a5 Bb5 23. Be3 Nxd3 24. Bxd3 Bxd3 25. Bxa7 Rhe8 26. Kc1 Re2 27. Rd1 Rc2+ 28. Kb1 Rd2+ 29. Kc1 Rc2+ 30. Kb1 Bg6 31. Rxd8+ Kxd8 32. g4 Rxh2+ 33. Kc1 h5 34. gxh5 Rxh5 35. Kd2 f6 36. f4 Be4 37. Bd4 Rh2+ 38. Ke1 Kd7 39. Re3 Bd5 40. Bc5 Ra2 41. Re7+ Kc6 42. Bb4 Ra4 43. Bd2 Re4+ 44. Rxe4 Bxe4 45. Ke2 Kc5 46. Ke3 Bf5 47. Bc3 Kc4 48. Bb2 Kb4 49. Kd4 Kxa5 50. Kc5 Ka4 51. Bc1 Kb3 52. Kd5 Kc3 53. Ba3 g5 54. Be7 gxf4 55. Bxf6+ Kd3 56. Ke5 f3 0-1

[Event "Chessable Masters Play In"]
[Site "Chess.com INT"]
[Date "2024.01.31"]
[Round "8"]
[White "Raja, Rithvik R"]
[Black "Svane, Frederik"]
[Result "1/2-1/2"]
[WhiteElo "2522"]
[BlackElo "2625"]
[PlyCount "95"]
[EventDate "2024.01.31"]
[EventType "swiss (rapid)"]
[EventRounds "9"]
[EventCountry "USA"]
[SourceTitle "CB06_2024"]
[SourceDate "2024.02.07"]
[SourceVersion "1"]
[SourceVersionDate "2024.02.07"]
[SourceQuality "1"]

1. d4 Nf6 2. c4 e6 3. Nf3 b6 4. g3 Bb7 5. Bg2 Bb4+ 6. Bd2 Bxd2+ 7. Qxd2 0-0 8. Nc3 Ne4 9. Qc2 Nxc3 10. Qxc3 d6 11. 0-0 Nd7 12. Rad1 Qe7 13. Rfe1 Be4 14. Bh3 Nf6 15. Nd2 Bb7 16. e4 e5 17. d5 a5 18. b3 Bc8 19. Bxc8 Raxc8 20. Nf1 g6 21. a3 Nd7 22. b4 axb4 23. axb4 f5 24. exf5 Rxf5 25. Nd2 Rcf8 26. Ne4 Nf6 27. Rd2 Qf7 28. Nxf6+ Qxf6 29. Qb2 Rf3 30. c5 h5 31. cxb6 cxb6 32. h4 g5 33. hxg5 Qxg5 34. Re4 R3f4 35. Rxf4 exf4 36. Rd3 h4 37. Qd2 Qg6 38. Kg2 Qg4 39. Kg1 Rf5 40. Qc3 hxg3 41. fxg3 f3 42. Kf2 Qh3 43. Qc8+ Kg7 44. Qd7+ Kg6 45. Qe6+ Kg7 46. Qd7+ Kg6 47. Qe6+ Kg7 48. Qd7+ 1/2-1/2

[Event "Chessable Masters Play In"]
[Site "Chess.com INT"]
[Date "2024.01.31"]
[Round "7"]
[White "Svane, Frederik"]
[Black "Bindrich, Falko"]
[Result "1-0"]
[WhiteElo "2625"]
[BlackElo "2584"]
[PlyCount "79"]
[EventDate "2024.01.31"]
[EventType "swiss (rapid)"]
[EventRounds "9"]
[EventCountry "USA"]
[SourceTitle "CB06_2024"]
[SourceDate "2024.02.07"]
[SourceVersion "1"]
[SourceVersionDate "2024.02.07"]
[SourceQuality "1"]

1. e4 e5 2. Nf3 Nc6 3. Bc4 Bc5 4. c3 Nf6 5. d3 d6 6. 0-0 a6 7. Nbd2 Ba7 8. Re1 Na5 9. Bb3 Nxb3 10. axb3 0-0 11. Nf1 h6 12. Ng3 Re8 13. h3 d5 14. exd5 Qxd5 15. Be3 Bd7 16. Bxa7 Rxa7 17. b4 Raa8 18. Re3 Qd6 19. Qe1 Bc6 20. Nxe5 Nd5 21. Nf5 Qf6 22. Nxc6 Nxe3 23. Nce7+ Kh7 24. Qxe3 Qg5 25. Qxg5 hxg5 26. Nd5 Re5 27. Nfe3 Rd8 28. Ra5 c6 29. d4 Rexd5 30. Nxd5 Rxd5 31. Rxd5 cxd5 32. Kf1 Kg6 33. Ke2 Kf5 34. Kd3 b5 35. b3 Ke6 36. c4 g6 37. c5 f6 38. Ke3 Ke7 39. Kf3 Ke6 40. Kg4 1-0

[Event "German Masters"]
[Site "Rosenheim"]
[Date "2023.12.12"]
[Round "2"]
[White "Fridman, Daniel"]
[Black "Svane, Frederik"]
[Result "1/2-1/2"]
[WhiteElo "2580"]
[BlackElo "2639"]
[PlyCount "80"]
[EventDate "2023.12.11"]
[EventType "tourn"]
[EventRounds "9"]
[EventCountry "GER"]
[EventCategory "13"]
[SourceTitle "CB51_2023"]
[SourceDate "2023.12.20"]
[SourceVersion "1"]
[SourceVersionDate "2023.12.20"]
[SourceQuality "1"]

1. Nf3 d5 2. g3 e6 3. Bg2 c5 4. 0-0 Nf6 5. d4 cxd4 6. Nxd4 e5 7. Nb3 Be6 8. c4 Nc6 9. cxd5 Nxd5 10. N1d2 Be7 11. Ne4 b6 12. Nc3 Ndb4 13. Qxd8+ Rxd8 14. a3 Bxb3 15. axb4 Nd4 16. e3 Nc2 17. Bc6+ Kf8 18. Rxa7 Nxb4 19. Ba4 Be6 20. e4 Nd3 21. Be3 Nxb2 22. Bxb6 Rc8 23. Nd5 Nxa4 24. Rxa4 Bd8 25. Be3 g5 26. Rc1 Rxc1+ 27. Bxc1 Kg7 28. Bb2 f6 29. f4 gxf4 30. gxf4 Bxd5 31. exd5 exf4 32. Rxf4 Re8 33. Kf2 Kg6 34. Rg4+ Kf5 35. Kf3 Bc7 36. Rh4 Rb8 37. Bd4 Rb3+ 38. Ke2 Be5 39. Bxe5 Kxe5 40. Rxh7 Kxd5 1/2-1/2

[Event "AUT-chT 2324"]
[Site "Austria"]
[Date "2023.11.23"]
[Round "2.3"]
[White "Livaic, Leon"]
[Black "Svane, Frederik"]
[Result "0-1"]
[WhiteElo "2553"]
[BlackElo "2624"]
[PlyCount "192"]
[EventDate "2023.11.22"]
[EventType "team-tourn"]
[EventRounds "11"]
[EventCountry "AUT"]
[SourceTitle "CB48_2023"]
[SourceDate "2023.11.29"]
[SourceVersion "1"]
[SourceVersionDate "2023.11.29"]
[SourceQuality "1"]
[WhiteTeam "St Veit"]
[BlackTeam "Jenbach"]
[WhiteTeamCountry "AUT"]
[BlackTeamCountry "AUT"]

1. Nc3 Nf6 2. Nf3 d5 3. d3 c5 4. e4 d4 5. Ne2 Nc6 6. g3 g6 7. Bg2 Bg7 8. 0-0 0-0 9. Nd2 e5 10. a4 Be6 11. Nc4 Bxc4 12. dxc4 Ne8 13. b3 Nd6 14. Ba3 b6 15. Nc1 Qd7 16. Nd3 a5 17. Qe2 Rae8 18. Rae1 f5 19. Bc1 Nb4 20. Nxb4 axb4 21. Bd2 Kh8 22. Ra1 Qc7 23. Qd3 f4 24. g4 Bf6 25. Bf3 Qd8 26. Kg2 Bg5 27. Rh1 Rf7 28. Kf1 Kg8 29. Ke2 Bh4 30. Rag1 Kf8 31. Rg2 h6 32. h3 Ke7 33. Kd1 Ref8 34. Ke2 Nb7 35. Kd1 Na5 36. Rhg1 Nc6 37. Be1 Qd7 38. Rh2 Kd8 39. Ke2 Kc7 40. Kd1 Nd8 41. Ke2 Ne6 42. Bd2 Ng5 43. Ra1 Kb7 44. Rhh1 Ra8 45. Rag1 Qc6 46. Rh2 Kc7 47. Rhh1 Qd6 48. Rh2 Rf6 49. Rhh1 Kd7 50. Rh2 Ke7 51. Rhh1 Rf7 52. Rh2 Qc6 53. Rhh1 Rh7 54. Rh2 Rah8 55. Kf1 Kf7 56. Be1 h5 57. Ke2 Rh6 58. Kf1 Qf6 59. Rhh1 Ke7 60. Rh2 Kf7 61. Rhh1 hxg4 62. Bxg4 Qc6 63. Bf3 Nh7 64. Bd2 Qa8 65. Rg2 Ng5 66. Rg4 R8h7 67. Rxg5 Bxg5 68. Bg4 Rh4 69. Kg2 Ke7 70. f3 Qh8 71. Be1 R4h6 72. Bf2 Bh4 73. Bxh4+ Rxh4 74. Qd1 Qd8 75. Kf2 Qh8 76. Kg2 Qd8 77. Kf2 d3 78. Qxd3 Qxd3 79. cxd3 Rh8 80. Ra1 Ra8 81. Ke2 Rhh8 82. Rg1 Kf6 83. Rd1 Rhd8 84. Rg1 Rd6 85. Rd1 Rad8 86. Rd2 Kg5 87. Rd1 Kh4 88. Rd2 Kg3 89. Rd1 Kg2 90. Rd2 Rh8 91. Ra2 g5 92. a5 bxa5 93. Rxa5 Rhd8 94. Rxc5 Ra8 95. Rxe5 Ra2+ 96. Ke1 Rda6 0-1